| 000 | 02088nam a22004457a 4500 | ||
|---|---|---|---|
| 999 |
_c528035 _d528035 |
||
| 001 | 20721150 | ||
| 003 | NUST | ||
| 005 | 20190826094519.0 | ||
| 008 | 181026s2012 mtua f000 0 eng d | ||
| 010 | _a 2018410224 | ||
| 035 | _a(OCoLC)ocn839312198 | ||
| 038 | _aM.Ramzan | ||
| 040 |
_aMTG _beng _cMTG _erda _dOCLCQ _dOCLCF _dDLC |
||
| 042 | _alccopycat | ||
| 043 | _an-us--- | ||
| 082 |
_a625.794019 _bSHE |
||
| 100 | 1 |
_aSheehy, Donna. _919546 |
|
| 245 | 1 | 0 |
_aIncident sign installation guide / _cDonna Sheehy, |
| 250 | _a2010 | ||
| 264 | 1 |
_aMissoula, MT : _bUSDA Forest Service, Technology and Development Program, _c2012. |
|
| 300 |
_aii, 28 pages : _bcolor illustrations ; _c22 cm |
||
| 336 |
_atext _btxt _2rdacontent |
||
| 337 |
_aunmediated _bn _2rdamedia |
||
| 338 |
_avolume _bnc _2rdacarrier |
||
| 500 | _a"First printed July 2005, revised July 2012." | ||
| 500 | _a"5100--Fire"--Cover. | ||
| 500 | _a"1251-2820P-MTDC"--Cover. | ||
| 500 | _a"5E52P30--Incident Sign Installation Guide." | ||
| 520 | 3 | _a"This report explains how guide, warning, and regulatory signs can be used properly at incidents. Incidents may include any number of different situations, such as wildfires, hurricanes, other natural disasters, and other unplanned events such as traffic accidents. Signs that are set up properly at incidents can reduce the risk of traffic accidents. This guide is based on standards established by the "Manual on Uniform Traffic Control Devices" and the "Sign and Poster Guidelines for the Forest Service" (EM-7100-15)." | |
| 650 | 0 |
_aStreet signs _xInstallation _zUnited States. _919547 |
|
| 650 | 0 |
_aTraffic signs and signals _xInstallation _zUnited States. _919548 |
|
| 650 | 0 |
_aSigns and signboards _xInstallation _zUnited States. _919549 |
|
| 651 | 7 |
_aUnited States. _2fast _0(OCoLC)fst01204155 _97952 |
|
| 700 | 1 |
_aCote, Ted J. _919550 |
|
| 700 | 1 |
_aSmith, John R. _919551 |
|
| 710 | 2 |
_aTechnology & Development Program (U.S.) _919552 |
|
| 906 |
_a0 _bibc _ccopycat _d2 _encip _f20 _gy-gencatlg |
||
| 942 |
_2ddc _cBK |
||